|
|
|
|
| LEADER |
00000nam a2200000 a 4500 |
| 001 |
vtls010560947 |
| 003 |
SK-MaSNL |
| 005 |
20260301182801.0 |
| 008 |
240318s2013 xo da e n 000 0 slo |
| 015 |
|
|
|a SNBA2013/12
|
| 020 |
|
|
|a 9788055210674
|q (brož.)
|
| 035 |
|
|
|a 17621490-455B-452B-B30E-526DB88E3983
|
| 035 |
|
|
|a urn:nbn:sk:snk-amky1w
|
| 035 |
|
|
|a urn:nbn:sk:snk-am008qhs
|
| 040 |
|
|
|a SNK
|b slo
|c SNK
|e AACR2
|
| 041 |
0 |
|
|a slo
|
| 044 |
|
|
|a xo
|c SK
|
| 072 |
|
7 |
|a 005
|x Manažment. Riadenie
|2 konspekt
|
| 072 |
|
7 |
|a 007
|x Teória systémov. Automatické systémy. Kybernetika. Informačné systémy
|2 konspekt
|
| 080 |
|
|
|a 007+004
|2 2001
|
| 080 |
|
|
|a 005:[007+004]
|2 2001
|
| 080 |
|
|
|a 004.912
|2 2001
|
| 080 |
|
|
|a 004
|2 2001
|
| 080 |
|
|
|a (075.8)
|2 2001
|
| 100 |
1 |
|
|a Hennyeyová, Klára
|4 aut
|9 7964
|
| 245 |
1 |
0 |
|a Manažérska informatika
|c Klára Hennyeyová a kolektív
|
| 250 |
|
|
|a 1. vyd.
|
| 260 |
|
|
|a Nitra
|b Slovenská poľnohospodárska univerzita
|c 2013
|
| 300 |
|
|
|a 133 s.
|b grafy, sch., tab.
|c 24 cm
|
| 366 |
|
|
|e 400 výt.
|
| 504 |
|
|
|a Bibliogr.: s. 134-135
|
| 650 |
0 |
7 |
|a informatika
|2 SNKPH
|9 1124
|
| 650 |
0 |
7 |
|a informačný manažment
|2 SNKPH
|9 4990
|
| 650 |
0 |
7 |
|a informačné technológie
|2 SNKPH
|9 1527
|
| 650 |
0 |
7 |
|a informačné systémy
|2 SNKPH
|9 1128
|
| 650 |
0 |
7 |
|a textové procesory
|2 SNKPH
|9 1843
|
| 650 |
0 |
7 |
|a Informatics
|2 SNKPHeng
|9 267334
|
| 650 |
0 |
7 |
|a Information management
|2 SNKPHeng
|9 325177
|
| 650 |
0 |
7 |
|a Information systems
|2 SNKPHeng
|9 100187
|
| 650 |
0 |
7 |
|a Word processors
|2 SNKPHeng
|9 311542
|
| 650 |
0 |
7 |
|a Information technology
|2 SNKPHeng
|9 266458
|
| 655 |
|
7 |
|a učebnice vysokých škôl
|2 SNKPH
|9 70191
|
| 655 |
|
7 |
|a Textbooks (higher)
|2 SNKPHeng
|9 276436
|
| 700 |
1 |
|
|a Hallová, Marcela,
|d 1982-
|4 aut
|9 160949
|
| 700 |
1 |
|
|a Záhorec, Ján
|4 aut
|9 11551
|
| 700 |
1 |
|
|a Fandel, Ivo
|4 aut
|9 414568
|
| 700 |
1 |
|
|a Korcová, Zuzana
|4 aut
|9 7977
|
| 700 |
1 |
|
|a Virágh, Roderik,
|d 1988-
|4 aut
|9 203521
|
| 852 |
|
|
|a Štátna vedecká knižnica v Banskej Bystrici
|
| 919 |
|
|
|a 978-80-552-1067-4
|
| 958 |
|
|
|a NB
|
| 999 |
|
|
|c 854839
|d 856769
|
| 952 |
|
|
|a SNK
|b SNK
|y PREZ
|7 0
|p 17A1093652
|o snkSC 157140
|i snk2013/29230
|8 0
|0 0
|1 0
|4 0
|d 2013-11-27
|f 1
|l 0
|r 2025-08-19 00:00:00
|w 2026-02-24
|
| 952 |
|
|
|a SNK
|b SNK
|y VYP
|7 0
|p 17A1093653
|o snkSC 157140 D1
|i snk2013/29231
|8 0
|0 0
|1 0
|4 0
|d 2013-11-27
|l 0
|r 2026-02-24 04:53:31
|w 2026-02-24
|